Assessment and decision making in mental health nursing
Guardat en:
| Autor principal: | |
|---|---|
| Format: | Llibre |
| Idioma: | anglès |
| Publicat: |
Sage
2013
|
| Etiquetes: |
Afegir etiqueta
Sense etiquetes, Sigues el primer a etiquetar aquest registre!
|
MARC
| LEADER | 00000nam a22000007a 4500 | ||
|---|---|---|---|
| 008 | 210125b ||||| |||| 00| 0 eng d | ||
| 020 | |a 978-1-44626-820-9 | ||
| 100 | |a WALKER, Sandra. | ||
| 245 | |a Assessment and decision making in mental health nursing |c Sandra Walker, Diane Carpenter and Yvonne Middlewick |e (Transforming nursing practice series). |g ix, 126p.; ill. | ||
| 260 | |b Sage |c 2013 |h Thousand Oaks, California: |i 693341 |i 693342 |l RC440 .W15 |m Psychiatric nursing. |m Psychiatric nursing – Methods. |m Nursing assessment. |m Decision making. | ||
| 500 | |a “It includes references and index”. | ||
| 942 | |a lcc |c BK |e Adeniran, F. A |f 25/01/2021 | ||
| 952 | |0 0 |1 0 |2 lcc |4 0 |6 RC0440 W15 |7 0 |9 1679 |a HOL |b HE |c QZ |d 2021-01-25 |l 0 |o RC440 .W15 |p 2021-0463 |r 2021-01-25 00:00:00 |w 2021-01-25 |y BK | ||
| 952 | |0 0 |1 0 |2 lcc |4 0 |7 0 |9 1680 |a HOL |b HOL |c QZ |d 2021-01-25 |o RC440 .W15 |p 2021-0464 |r 2021-01-25 00:00:00 |w 2021-01-25 |y BK | ||
| 999 | |c 893 |d 893 | ||